Introduction to graph theory
Guardado en:
| Autor principal: | |
|---|---|
| Formato: | Libro |
| Lenguaje: | inglés |
| Publicado: |
Upper Saddle River :
Prentice Hall,
2001
|
| Edición: | 2.ed. |
| Materias: | |
| Etiquetas: |
Sin Etiquetas, Sea el primero en etiquetar este registro!
|
MARC
| LEADER | 00000nam a22000003a 4500 | ||
|---|---|---|---|
| 001 | stu55743 | ||
| 005 | 20150617225657.6 | ||
| 008 | 001127s2001----xxu-----------------eng-d | ||
| 020 | |a 0-13-014400-2 | ||
| 040 | |a STU |b slo | ||
| 041 | 0 | |a eng | |
| 044 | |a xxu | ||
| 080 | |a 519.17 |7 stu_us_auth*stu8282 | ||
| 084 | |a A0210 |2 INS | ||
| 084 | |a B0250 |2 INS | ||
| 084 | |a C1160 |2 INS | ||
| 100 | 1 | |a West, Douglas B. |4 aut | |
| 245 | 1 | |a Introduction to graph theory | |
| 250 | |a 2.ed. | ||
| 260 | |a Upper Saddle River : |b Prentice Hall, |c 2001 | ||
| 300 | |a 588 s | ||
| 650 | 7 | |a teória grafov |2 stusub | |
| 996 | |b I5365 |c I*5365 |l II680 |s A |a 24 |w stu55743_0001 | ||